Fortran 90 A Conversion Course for Fortran 77 Programmers(E-BOOK) (Record no. 192305)

000 -LEADER
fixed length control field 00648 a2200169 4500
003 - CONTROL NUMBER IDENTIFIER
control field Nust
005 - DATE AND TIME OF LATEST TRANSACTION
control field 20170207154034.0
040 ## - CATALOGING SOURCE
Transcribing agency Nust
100 ## - MAIN ENTRY--PERSONAL NAME
Personal name S Ramsden, F Lin
245 ## - TITLE STATEMENT
Title Fortran 90 A Conversion Course for Fortran 77 Programmers(E-BOOK)
Statement of responsibility, etc. S Ramsden, F Lin
250 ## - EDITION STATEMENT
Edition statement 3.0 ed
260 ## - PUBLICATION, DISTRIBUTION, ETC.
Place of publication, distribution, etc. Manchester
Name of publisher, distributor, etc. MAN T&EC
Date of publication, distribution, etc. 1995
300 ## - PHYSICAL DESCRIPTION
Extent vi,96p
505 ## - FORMATTED CONTENTS NOTE
Formatted contents note Introduction (Page-1) Sources, Types and Control Structures (Page-5) Procedures and Modules (Page-19) Array Processing (Page-41) Pointer Variables (Page-63) Input/ Output (Page-75) Intrinsic Procedures (Page-88) Further Development (Page-91)
650 ## - SUBJECT ADDED ENTRY--TOPICAL TERM
Topical term or geographic name entry element Fortran 90
651 ## - SUBJECT ADDED ENTRY--GEOGRAPHIC NAME
Geographic name E-BOOK
942 ## - ADDED ENTRY ELEMENTS (KOHA)
Source of classification or shelving scheme
Koha item type Book
Holdings
Withdrawn status Lost status Source of classification or shelving scheme Damaged status Not for loan Collection code Permanent Location Current Location Date acquired Total Checkouts Barcode Date last seen Price effective from Koha item type
            Military College of Signals (MCS) Military College of Signals (MCS) 12/12/2016   MCSEB-1309 12/08/2016 12/12/2016 Book
© 2023 Central Library, National University of Sciences and Technology. All Rights Reserved.